<?xml version="1.0" encoding="UTF-8"?>
<marc:record xmlns:marc="http://www.loc.gov/MARC21/slim">
   <marc:leader>00000nam a2200000 a 4500</marc:leader>
   <marc:datafield ind1="1" ind2=" " tag="100">
      <marc:subfield code="a">Johannknecht, Torsten</marc:subfield>
      <marc:subfield code="4">aut</marc:subfield>
      <marc:subfield code="e">Verfasser/-in</marc:subfield>
   </marc:datafield>
   <marc:datafield ind1="0" ind2="0" tag="245">
      <marc:subfield code="a">Die Welt von oben</marc:subfield>
   </marc:datafield>
   <marc:datafield ind1="0" ind2="0" tag="245">
      <marc:subfield code="b">3 Kontinente, 7 Monate und jede Menge Abenteuer in Schuhgröße 52</marc:subfield>
   </marc:datafield>
   <marc:datafield ind1="0" ind2="0" tag="245">
      <marc:subfield code="c">Torsten Johannknecht</marc:subfield>
   </marc:datafield>
   <marc:datafield ind1=" " ind2="1" tag="264">
      <marc:subfield code="a">München</marc:subfield>
      <marc:subfield code="b">Goldmann</marc:subfield>
   </marc:datafield>
   <marc:datafield ind1="1" ind2=" " tag="490">
      <marc:subfield code="a">Goldmann</marc:subfield>
      <marc:subfield code="v">15949</marc:subfield>
   </marc:datafield>
   <marc:datafield ind1=" " ind2=" " tag="250">
      <marc:subfield code="a">1. Auflage, Originalausgabe</marc:subfield>
   </marc:datafield>
   <marc:datafield ind1="1" ind2=" " tag="520">
      <marc:subfield code="a">Angaben aus der Verlagsmeldung

Die Welt von oben : 3 Kontinente, 7 Monate und jede Menge Abenteuer – in Schuhgröße 52 / von Torsten Johannknecht

Bevor meine Freundin Bärbel und ich aufgebrochen sind, haben wir uns Gedanken gemacht, was denn das „Besondere“ an unserem Trip rund um die Welt sei. So nach dem Motto: Wir essen nur aus mundgeblasenen Tellern. Nehmen überall Bernd, das Nilpferd, mit hin. Machen von jedem Klo, auf dem wir sitzen, Vorher-Nachher-Fotos. Aber das ist Quatsch. Wir wollten auf keinen Selbstfindungstrip gehen, es sollte auch kein Ausstieg werden. Wir wollten eine ganz normale Weltreise machen. Eigentlich. Aber dafür bin ich einfach zu groß. Mit 205 Zentimetern Körperlänge habe ich in manchen Teilen der Welt ordentlich Aufsehen erregt – und bin mehrfach an meine Grenzen gestoßen. Auch im wahrsten und schmerzhaften Sinne. Denn die Welt ist einfach nicht gemacht für Riesen auf Reisen. Oder doch? Die verrückten Reiseabenteuer eines Riesen – und wie er die Welt sieht.

</marc:subfield>
   </marc:datafield>
   <marc:datafield ind1=" " ind2=" " tag="020">
      <marc:subfield code="a">9783442159499</marc:subfield>
      <marc:subfield code="9">9783442159499</marc:subfield>
   </marc:datafield>
   <marc:datafield ind1=" " ind2=" " tag="020">
      <marc:subfield code="a">3442159490</marc:subfield>
      <marc:subfield code="9">3442159490</marc:subfield>
   </marc:datafield>
   <marc:datafield ind1=" " ind2=" " tag="041">
      <marc:subfield code="a">ger</marc:subfield>
   </marc:datafield>
   <marc:datafield ind1=" " ind2=" " tag="300">
      <marc:subfield code="a">270 Seiten</marc:subfield>
   </marc:datafield>
</marc:record>
